Statistics for Which City in Oceania?

Click here to take the quiz!

General Stats

  • This quiz has been taken 373 times
    (162 since last reset)
  • The average score is 14 of 20

Answer Stats

DescriptionLetterCity% Correct
This was the capital of New Zealand until 1865AAuckland
99%
Most populous city in AustraliaSSydney
99%
World's southernmost national capitalWWellington
91%
Most isolated major city in the worldPPerth
89%
Southernmost major city in the worldMMelbourne
84%
Most populous city on the island of New GuineaPPort Moresby
84%
Capital of TasmaniaHHobart
83%
Major city located a few miles east of Pearl HarborHHonolulu
82%
City of above 25,000 near the geographical center of AustraliaAAlice Springs
78%
Site of the largest single attack ever mounted by a foreign power on AustraliaDDarwin
75%
Easternmost capital of OceaniaAApia
66%
The de facto capital of NauruYYaren
66%
Gateway to the Great Barrier Reef for most touristsCCairns
65%
City where 18.8% of Vanuatuan citizens livePPort Vila
63%
Biggest city on Hawaii, also known as the Big IslandHHilo
59%
Was hit by a deadly earthquake in 2011CChristchurch
56%
World's least populated national capitalNNgerulmud
54%
Capital of the Northern Mariana IslandsSSaipan
45%
Capital of New CaledoniaNNouméa
43%
This city has the most tourists and the largest airport in FijiNNadi
30%

Score Distribution

Percentile by Number Answered

Percent of People with Each Score

Your Score History

You have not taken this quiz since the last reset